header

Repression, resistance, and women in Afghanistan (Record no. 60564)

MARC details
000 -LEADER
fixed length control field 01396nam a22003374a 4500
082 04 - DEWEY DECIMAL CLASSIFICATION NUMBER
Classification number 305.4/09581/0904
100 1# - MAIN ENTRY--AUTHOR NAME
Personal name Emadi, Hafizullah.
245 10 - TITLE STATEMENT
Title Repression, resistance, and women in Afghanistan
260 ## - PUBLICATION, DISTRIBUTION, ETC. (IMPRINT)
Place of publication Westport, Conn. :
Name of publisher Praeger,
Year of publication 2002.
300 ## - PHYSICAL DESCRIPTION
Number of Pages xxi, 183 p., [6] p. of plates.
650 #0 - SUBJECT ADDED ENTRY--TOPICAL TERM
Topical Term Women
Topical Term Women in development
Topical Term Women
Topical Term Patriarchy
Topical Term Women in Islam
856 40 - ELECTRONIC LOCATION AND ACCESS
Uniform Resource Identifier http://site.ebrary.com/lib/rucke/Doc?id=10040753

No items available.

© 2026 Rongo University
Contact us: librarian | system librarian | Rongo university